000 00611cab a2200205 4500
001 X1321
008 090401t1994 xxu||||| |||| 00| 0 eng d
035 _a(Sirsi) u16197
041 _aeng
245 _aPersonal development planners will have central role in CPD
260 _c1994
350 _a0
490 _aCSM (Chartered Surveyor Monthly)
_v3(6) March 1994, 7(1)
650 _aCONTINUING PROFESSIONAL DEVELOPMENT
650 _aPERSONAL DEVELOPMENT PLANNER
650 _aPROFILE RECORD CARD
690 _aMANAGEMENT-BUSINESS MANAGEMENT-PROFESSIONAL PRACTICE
942 _n0
948 _c04/03/1997
999 _c10642
_d10642